[Event "Ayvalik Kiraz"]
[Site "Ayvalik"]
[Date "2023.10.21"]
[Round "8"]
[White "Maksimovic, Branimir"]
[Black "Eken, Atakan"]
[Result "1-0"]
[WhiteElo "2142"]
[BlackElo "1863"]
[PlyCount "71"]
[EventDate "2023.10.19"]
[EventType "tourn"]
[EventRounds "9"]
[EventCountry "TUR"]
[SourceTitle "Mega2024 Update 01"]
[Source "Chessbase"]
[SourceDate "2023.11.12"]
[SourceVersion "1"]
[SourceVersionDate "2023.11.12"]
[SourceQuality "1"]

1. e4 Nf6 2. e5 Nd5 3. d4 d6 4. Nf3 Bg4 5. h3 Bh5 6. e6 fxe6 7. g4 Bf7 8. Ng5 Bg8 9. c4 Nb6 10. Nc3 h6 11. Nf3 Qd7 12. Bd3 Bf7 13. Be4 Nc6 14. d5 Na5 15. b3 g6 16. Qd3 Rg8 17. Bd2 exd5 18. cxd5 e6 19. 0-0 0-0-0 20. Rac1 Kb8 21. Rfe1 Bg7 22. Nb5 exd5 23. Rxc7 dxe4 24. Rxe4 Nc6 25. Rxd7 Rxd7 26. Bf4 Ne5 27. Nxe5 dxe5 28. Rxe5 Bxe5 29. Bxe5+ Ka8 30. Nc7+ Kb8 31. Nd5+ Kc8 32. Nxb6+ axb6 33. Qc3+ Kd8 34. Bf6+ Re7 35. Qe5 Rge8 36. Qd6+ 1-0

[Event "Ayvalik Kiraz"]
[Site "Ayvalik"]
[Date "2023.10.19"]
[Round "1"]
[White "Maksimovic, Branimir"]
[Black "Atis, Hasan"]
[Result "1-0"]
[WhiteElo "2142"]
[BlackElo "1979"]
[PlyCount "57"]
[EventDate "2023.10.19"]
[EventType "tourn"]
[EventRounds "9"]
[EventCountry "TUR"]
[SourceTitle "Mega2024 Update 01"]
[Source "Chessbase"]
[SourceDate "2023.11.12"]
[SourceVersion "1"]
[SourceVersionDate "2023.11.12"]
[SourceQuality "1"]

1. e4 c5 2. Nf3 e6 3. d4 cxd4 4. Nxd4 Nc6 5. Nc3 Qc7 6. Be3 a6 7. Qf3 Nf6 8. Qg3 Ne5 9. f4 Neg4 10. Bd2 Bc5 11. h3 Bxd4 12. hxg4 d5 13. exd5 exd5 14. 0-0-0 Bxg4 15. Nxd5 Nxd5 16. Qxg4 0-0 17. Bd3 g6 18. Qh4 h5 19. Qg3 Qb6 20. c3 Rac8 21. Bc2 Bg7 22. f5 Ne7 23. fxg6 fxg6 24. Qg5 Qf6 25. g4 Nc6 26. gxh5 Nd4 27. Qd5+ Qf7 28. Qxf7+ Rxf7 29. cxd4 1-0

[Event "SRB-ch Central int"]
[Site "Dimitrovgrad"]
[Date "2023.08.23"]
[Round "5"]
[White "Bozinovic, Boban"]
[Black "Maksimovic, Branimir"]
[Result "1/2-1/2"]
[WhiteElo "1954"]
[BlackElo "2127"]
[PlyCount "85"]
[EventDate "2023.08.20"]
[EventType "swiss"]
[EventRounds "9"]
[EventCountry "BUL"]
[SourceTitle "CBM 215 Extra"]
[Source "ChessBase"]
[SourceDate "2023.09.30"]
[SourceVersion "1"]
[SourceVersionDate "2023.09.30"]
[SourceQuality "1"]

1. e4 e6 2. d4 d5 3. Nc3 Bb4 4. e5 c5 5. a3 Bxc3+ 6. bxc3 Ne7 7. h4 Qc7 8. Nf3 b6 9. h5 h6 10. Bb5+ Bd7 11. Bd3 Ba4 12. Bd2 c4 13. Be2 Nbc6 14. Qc1 0-0-0 15. Bf4 Kb7 16. Kf1 a5 17. Bd1 Na7 18. Rh3 Nb5 19. Nh4 Rdg8 20. Qd2 Qd8 21. Qe3 Nc7 22. Rb1 g5 23. hxg6 fxg6 24. Bxh6 Rxh6 25. Qxh6 g5 26. g3 gxh4 27. Qxh4 Be8 28. Bh5 Rh8 29. Qg5 Bg6 30. Rc1 Qf8 31. Kg2 Bxh5 32. Rxh5 Rxh5 33. Qxh5 Nb5 34. Rh1 Nxa3 35. Qh6 Qxh6 36. Rxh6 Nxc2 37. Rh7 a4 38. Rxe7+ Ka6 39. Rxe6 a3 40. Re8 Kb7 41. Re7+ Kb8 42. Re8+ Kb7 43. Re7+ 1/2-1/2

[Event "SRB-ch Central int"]
[Site "Dimitrovgrad"]
[Date "2023.08.22"]
[Round "4"]
[White "Maksimovic, Branimir"]
[Black "Panic, Anastasija"]
[Result "1-0"]
[WhiteElo "2127"]
[BlackElo "1757"]
[PlyCount "129"]
[EventDate "2023.08.20"]
[EventType "swiss"]
[EventRounds "9"]
[EventCountry "BUL"]
[SourceTitle "CBM 215 Extra"]
[Source "ChessBase"]
[SourceDate "2023.09.30"]
[SourceVersion "1"]
[SourceVersionDate "2023.09.30"]
[SourceQuality "1"]

1. Nf3 Nf6 2. g3 e6 3. Bg2 d5 4. 0-0 Be7 5. d3 0-0 6. Nbd2 c5 7. e4 dxe4 8. dxe4 Nc6 9. e5 Nd5 10. a3 b5 11. a4 b4 12. Re1 Rb8 13. Bf1 Bb7 14. Bd3 Na5 15. Qe2 Qc8 16. Qe4 g6 17. b3 f5 18. Qe2 Qc6 19. Bb5 Qb6 20. Nb1 a6 21. Bd3 Qc6 22. Bh6 Rf7 23. h4 Bf8 24. Bxf8 Rbxf8 25. Nbd2 h6 26. Kh2 Rh7 27. Rg1 Kh8 28. Ne1 g5 29. Ng2 Rg8 30. f3 Nc3 31. Qf2 Bc8 32. Rae1 Nb7 33. Nc4 Nd5 34. f4 gxh4 35. Nxh4 Qe8 36. Be2 Bd7 37. Bf3 Bc6 38. Ne3 Nc3 39. Nc4 Bxf3 40. Qxf3 Ne4 41. Rxe4 fxe4 42. Qxe4 Qh5 43. Nd2 Rd8 44. Ndf3 Rg7 45. Qc4 Rd5 46. Qxa6 Nd8 47. a5 Rgd7 48. f5 exf5 49. Qf6+ Kg8 50. a6 Rf7 51. a7 Rxa7 52. e6 Qe8 53. Re1 Re7 54. Ng6 Rxe6 55. Rxe6 Qxe6 56. Ne7+ Kh7 57. Qxe6 Rd2+ 58. Nxd2 Nxe6 59. Nxf5 Kg6 60. Ne3 Kg5 61. Ne4+ Kg6 62. Kg2 h5 63. Kf2 Kh6 64. Ke2 Kg6 65. Kd3 1-0

[Event "EU-ch 23rd"]
[Site "Vrnjacka Banja"]
[Date "2023.03.13"]
[Round "11"]
[White "Uskov, Artem"]
[Black "Maksimovic, Branimir"]
[Result "1/2-1/2"]
[WhiteElo "2373"]
[BlackElo "2128"]
[PlyCount "36"]
[EventDate "2023.03.03"]
[EventType "swiss"]
[EventRounds "11"]
[EventCountry "SRB"]
[SourceTitle "CBM 213"]
[Source "ChessBase"]
[SourceDate "2023.04.30"]
[SourceVersion "1"]
[SourceVersionDate "2023.04.30"]
[SourceQuality "1"]

1. e4 e6 2. d4 d5 3. Nc3 Nf6 4. e5 Nfd7 5. f4 c5 6. Nf3 Nc6 7. Be3 cxd4 8. Nxd4 Qb6 9. Qd2 Qxb2 10. Rb1 Qa3 11. Bb5 Nxd4 12. Bxd4 a6 13. Bxd7+ Bxd7 14. Rb3 Qe7 15. Rxb7 Rc8 16. 0-0 Qd8 17. Rfb1 Bc5 18. Ne2 0-0 1/2-1/2

[Event "EU-ch 23rd"]
[Site "Vrnjacka Banja"]
[Date "2023.03.09"]
[Round "7"]
[White "Costa, Leonardo"]
[Black "Maksimovic, Branimir"]
[Result "1-0"]
[WhiteElo "2364"]
[BlackElo "2128"]
[PlyCount "72"]
[EventDate "2023.03.03"]
[EventType "swiss"]
[EventRounds "11"]
[EventCountry "SRB"]
[SourceTitle "CBM 213"]
[Source "ChessBase"]
[SourceDate "2023.04.30"]
[SourceVersion "1"]
[SourceVersionDate "2023.04.30"]
[SourceQuality "1"]

1. e4 e5 2. Nf3 Nf6 3. Nxe5 d6 4. Nc4 Nxe4 5. Qe2 Qe7 6. Ne3 Nc6 7. c3 Be6 8. d4 d5 9. Nd2 Nxd2 10. Bxd2 0-0-0 11. g3 h5 12. Bg2 Bg4 13. Nxg4 hxg4 14. h3 gxh3 15. Bxh3+ Kb8 16. Qxe7 Bxe7 17. Ke2 Na5 18. b3 b6 19. Kd3 Nb7 20. Rae1 Bd6 21. Bg2 c6 22. g4 Kc7 23. f4 b5 24. Bf3 a5 25. c4 dxc4+ 26. bxc4 a4 27. Rxh8 Rxh8 28. c5 Bf8 29. Re8 Rh3 30. Ke2 Rh2+ 31. Ke3 Rh8 32. Kd3 Nd8 33. g5 Rh3 34. Ke4 Rh2 35. Be1 Rxa2 36. Rxf8 b4 1-0

[Event "EU-ch 23rd"]
[Site "Vrnjacka Banja"]
[Date "2023.03.08"]
[Round "6"]
[White "Maksimovic, Branimir"]
[Black "Arsovic, Zoran"]
[Result "1/2-1/2"]
[WhiteElo "2128"]
[BlackElo "2390"]
[PlyCount "55"]
[EventDate "2023.03.03"]
[EventType "swiss"]
[EventRounds "11"]
[EventCountry "SRB"]
[SourceTitle "CBM 213"]
[Source "ChessBase"]
[SourceDate "2023.04.30"]
[SourceVersion "1"]
[SourceVersionDate "2023.04.30"]
[SourceQuality "1"]

1. e4 c5 2. Nf3 d6 3. d4 cxd4 4. Nxd4 Nf6 5. Nc3 Nc6 6. Bg5 e6 7. Qd2 Qb6 8. 0-0-0 a6 9. f3 Qxd4 10. Qxd4 Nxd4 11. Rxd4 Rb8 12. a4 h6 13. Be3 Be7 14. Rd1 g5 15. Bb6 Bd7 16. Bc7 Rc8 17. Bxd6 Bxd6 18. Rxd6 Ke7 19. Rd2 Rc5 20. Bd3 Bc6 21. Re1 Nd7 22. Bf1 Nb6 23. Rd4 Rc8 24. Rb4 Nd7 25. Rd1 g4 26. Rd2 gxf3 27. gxf3 Rg8 28. Rc4 1/2-1/2

[Event "EU-ch 23rd"]
[Site "Vrnjacka Banja"]
[Date "2023.03.06"]
[Round "4"]
[White "Maksimovic, Branimir"]
[Black "Pastar, Slaven"]
[Result "1/2-1/2"]
[WhiteElo "2128"]
[BlackElo "2401"]
[PlyCount "26"]
[EventDate "2023.03.03"]
[EventType "swiss"]
[EventRounds "11"]
[EventCountry "SRB"]
[SourceTitle "CBM 213"]
[Source "ChessBase"]
[SourceDate "2023.04.30"]
[SourceVersion "1"]
[SourceVersionDate "2023.04.30"]
[SourceQuality "1"]

1. e4 e6 2. d4 d5 3. e5 c5 4. c3 Nc6 5. Nf3 Qb6 6. a3 Nh6 7. Bd3 cxd4 8. 0-0 Bd7 9. b4 a6 10. Bb2 Nf5 11. Bxf5 exf5 12. cxd4 Be7 13. Nc3 Be6 1/2-1/2

[Event "EU-ch 23rd"]
[Site "Vrnjacka Banja"]
[Date "2023.03.04"]
[Round "2"]
[White "Maksimovic, Branimir"]
[Black "Gokerkan, Cem Kaan"]
[Result "0-1"]
[WhiteElo "2128"]
[BlackElo "2486"]
[PlyCount "66"]
[EventDate "2023.03.03"]
[EventType "swiss"]
[EventRounds "11"]
[EventCountry "SRB"]
[SourceTitle "CBM 213"]
[Source "ChessBase"]
[SourceDate "2023.04.30"]
[SourceVersion "1"]
[SourceVersionDate "2023.04.30"]
[SourceQuality "1"]

1. Nf3 Nf6 2. b3 d5 3. Bb2 Bf5 4. e3 h6 5. Ne5 Nbd7 6. f4 e6 7. Be2 Nxe5 8. fxe5 Ne4 9. 0-0 Bc5 10. b4 Bb6 11. d4 Qg5 12. Rf4 f6 13. exf6 gxf6 14. Bh5+ Ke7 15. Qf3 Rhg8 16. h4 Qg3 17. Nc3 Nxc3 18. Bxc3 Qxf3 19. Bxf3 Bxc2 20. b5 f5 21. h5 a6 22. a4 axb5 23. a5 Ba7 24. Rc1 Bd3 25. Bb4+ Kd7 26. Rc3 Bc4 27. Kh2 b6 28. axb6 Bxb6 29. g4 Ra4 30. Bc5 Bxc5 31. dxc5 Rg5 32. Kg3 Kc6 33. Rd4 Kxc5 0-1

[Event "Balikesir Sebboy Gp"]
[Site "Balikesir"]
[Date "2022.12.26"]
[Round "7.4"]
[White "Maksimovic, Branimir"]
[Black "Kuru, Atilla"]
[Result "1/2-1/2"]
[WhiteElo "2210"]
[BlackElo "1939"]
[PlyCount "137"]
[EventDate "2022.12.22"]
[EventType "team-schev"]
[EventRounds "9"]
[EventCountry "TUR"]
[SourceTitle "CBM 212 Extra"]
[Source "ChessBase"]
[SourceDate "2023.03.31"]
[SourceVersion "1"]
[SourceVersionDate "2023.03.31"]
[SourceQuality "1"]
[WhiteTeam "Team C"]
[BlackTeam "Team D"]
[WhiteTeamCountry "BUL"]
[BlackTeamCountry "TUR"]

1. Nf3 Nf6 2. b3 e6 3. Bb2 d5 4. e3 Be7 5. d4 c5 6. Bd3 Nc6 7. dxc5 Bxc5 8. 0-0 0-0 9. Nbd2 Qe7 10. a3 e5 11. b4 Bd6 12. e4 dxe4 13. Nxe4 Nxe4 14. Bxe4 f5 15. Bd5+ Kh8 16. b5 Nd8 17. Nxe5 Bxe5 18. Re1 Nf7 19. Bxf7 Qxf7 20. Rxe5 Bd7 21. Qd4 Rfe8 22. Rae1 Bxb5 23. Qb4 Bc6 24. Re7 Rxe7 25. Rxe7 Qd5 26. Bxg7+ Kg8 27. Qb3 Qxb3 28. cxb3 Rd8 29. f3 Rd7 30. Rxd7 Bxd7 31. Bd4 a6 32. Kf2 Kf7 33. Ke3 Be6 34. Kf4 Kg6 35. b4 Bd7 36. Bb6 Bb5 37. Bd8 h5 38. Ke3 Bf1 39. Kf2 Bb5 40. Bc7 Bc4 41. Ke3 Bf1 42. a4 Bc4 43. Kf4 Bb3 44. a5 Ba4 45. Bd8 Bb5 46. Be7 Ba4 47. Ke5 Bb5 48. Kd6 Bc6 49. Kc7 Kf7 50. Bg5 Kg6 51. Bh4 Bd5 52. Be7 Kf7 53. Bc5 Kg6 54. b5 Bc4 55. b6 Bd5 56. Kd6 Bc6 57. Ke6 Bb5 58. Kd6 Bc6 59. Ke6 Bb5 60. Be7 Bf1 61. g3 Bg2 62. f4 Bc6 63. Bc5 Bf3 64. Bf2 Bc6 65. h3 Bg2 66. h4 Bc6 67. g4 Be4 68. gxf5+ Bxf5+ 69. Ke5 1/2-1/2

[Event "Balikesir Sebboy Gp"]
[Site "Balikesir"]
[Date "2022.12.25"]
[Round "6.6"]
[White "Angun, Batu"]
[Black "Maksimovic, Branimir"]
[Result "1/2-1/2"]
[WhiteElo "2250"]
[BlackElo "2210"]
[PlyCount "112"]
[EventDate "2022.12.22"]
[EventType "team-schev"]
[EventRounds "9"]
[EventCountry "TUR"]
[SourceTitle "CBM 212 Extra"]
[Source "ChessBase"]
[SourceDate "2023.03.31"]
[SourceVersion "1"]
[SourceVersionDate "2023.03.31"]
[SourceQuality "1"]
[WhiteTeam "Team D"]
[BlackTeam "Team C"]
[WhiteTeamCountry "TUR"]
[BlackTeamCountry "BUL"]

1. d4 Nf6 2. c4 g6 3. Nc3 Bg7 4. e4 d6 5. Be2 0-0 6. Nf3 Nbd7 7. Be3 e5 8. 0-0 Qe7 9. d5 c5 10. Ne1 Kh8 11. Nd3 Ng8 12. b4 cxb4 13. Nxb4 Bh6 14. Bxh6 Nxh6 15. Qd2 Kg7 16. Nd3 f5 17. f4 exf4 18. Nxf4 Nc5 19. exf5 Nxf5 20. Rae1 Qe3+ 21. Qxe3 Nxe3 22. Rf2 Nc2 23. Ref1 Bd7 24. Ne6+ Nxe6 25. dxe6 Rxf2 26. Rxf2 Bxe6 27. Nb5 Rd8 28. Bf1 Nb4 29. Nxa7 Ra8 30. Nb5 Rxa2 31. Rxa2 Nxa2 32. Nxd6 b6 33. Kf2 Kf6 34. Ke3 Ke5 35. Nb5 Nb4 36. Nd4 Bg4 37. h3 Bd1 38. g3 g5 39. Bg2 Nc2+ 40. Nxc2 Bxc2 41. Bf3 Bg6 42. g4 Be8 43. Be4 h5 44. Bf3 hxg4 45. hxg4 Bf7 46. Kd3 Kf4 47. Bc6 Ke5 48. Bd7 Bg6+ 49. Ke3 Be4 50. Bc8 Bb1 51. Ba6 Bc2 52. Bb7 Bb3 53. Ba6 Ba2 54. Kd3 Bb3 55. Kc3 Bd1 56. Bc8 Be2 1/2-1/2

[Event "Balikesir Sebboy Gp"]
[Site "Balikesir"]
[Date "2022.12.24"]
[Round "4.3"]
[White "Ozsakallioglu, Okan"]
[Black "Maksimovic, Branimir"]
[Result "1-0"]
[WhiteElo "2258"]
[BlackElo "2210"]
[PlyCount "63"]
[EventDate "2022.12.22"]
[EventType "team-schev"]
[EventRounds "9"]
[EventCountry "TUR"]
[SourceTitle "CBM 212 Extra"]
[Source "ChessBase"]
[SourceDate "2023.03.31"]
[SourceVersion "1"]
[SourceVersionDate "2023.03.31"]
[SourceQuality "1"]
[WhiteTeam "Team B"]
[BlackTeam "Team C"]
[WhiteTeamCountry "TUR"]
[BlackTeamCountry "BUL"]

1. e4 e6 2. d4 d5 3. Nd2 c5 4. Ngf3 Nf6 5. e5 Nfd7 6. c3 Nc6 7. Bd3 a5 8. 0-0 a4 9. a3 cxd4 10. cxd4 Be7 11. Nb1 Nb6 12. Nc3 Bd7 13. Bc2 0-0 14. Qd3 g6 15. Bh6 Re8 16. h4 Nc4 17. Rab1 Bxh4 18. g3 Be7 19. Kg2 b5 20. Nxb5 N6xe5 21. dxe5 Bxb5 22. Qd4 f6 23. exf6 Bxf6 24. Qg4 Ra7 25. Rh1 Ne5 26. Nxe5 Bxe5 27. Rbe1 Bg7 28. Bxg7 Rxg7 29. Rxe6 Rf8 30. Rxh7 Rxh7 31. Rxg6+ Kf7 32. Qe6# 1-0

[Event "Balikesir Sebboy Gp"]
[Site "Balikesir"]
[Date "2022.12.22"]
[Round "1.4"]
[White "Maksimovic, Branimir"]
[Black "Eke, Salih"]
[Result "0-1"]
[WhiteElo "2210"]
[BlackElo "2192"]
[PlyCount "112"]
[EventDate "2022.12.22"]
[EventType "team-schev"]
[EventRounds "9"]
[EventCountry "TUR"]
[SourceTitle "CBM 212 Extra"]
[Source "ChessBase"]
[SourceDate "2023.03.31"]
[SourceVersion "1"]
[SourceVersionDate "2023.03.31"]
[SourceQuality "1"]
[WhiteTeam "Team C"]
[BlackTeam "Team D"]
[WhiteTeamCountry "BUL"]
[BlackTeamCountry "TUR"]

1. Nf3 Nf6 2. c4 e6 3. Nc3 d5 4. d4 Be7 5. g3 0-0 6. Bg2 dxc4 7. 0-0 Nc6 8. Bf4 Nd5 9. Rc1 Bf6 10. Ne4 Nxf4 11. gxf4 Bxd4 12. Rxc4 Bxb2 13. Qc2 Bf6 14. Rd1 Qe7 15. Nfg5 g6 16. Nxf6+ Qxf6 17. Qc3 Qxc3 18. Rxc3 h6 19. Ne4 Rb8 20. e3 Kg7 21. Rb1 Ne7 22. Rxc7 Nd5 23. Rcc1 Rd8 24. Nc3 Nxc3 25. Rxc3 b6 26. Rc7 Rd7 27. Rbc1 Rxc7 28. Rxc7 a5 29. Ra7 Kf6 30. Bc6 e5 31. fxe5+ Kxe5 32. a4 Be6 33. f4+ Kd6 34. Bb5 Kc5 35. Rc7+ Kb4 36. Re7 Rd8 37. Kf2 Bb3 38. Re4+ Ka3 39. f5 gxf5 40. Rh4 Rd6 41. Ke2 Bc2 42. Kf2 Be4 43. Rf4 Rd2+ 44. Kg3 Rg2+ 45. Kh3 Rg1 46. Rh4 Rg4 47. Rxg4 fxg4+ 48. Kxg4 Bc2 49. Kh5 Bxa4 50. Bd3 Bb3 51. Kxh6 Kb2 52. h4 a4 53. Kg7 a3 54. h5 a2 55. h6 a1Q 56. h7 Kc1+ 0-1

[Event "Balikesir Krizantem Gp"]
[Site "Balikesir"]
[Date "2022.12.20"]
[Round "8.4"]
[White "Ozdemir, Serhan Berat"]
[Black "Maksimovic, Branimir"]
[Result "1/2-1/2"]
[WhiteElo "2142"]
[BlackElo "2210"]
[PlyCount "117"]
[EventDate "2022.12.15"]
[EventType "team-schev"]
[EventRounds "9"]
[EventCountry "TUR"]
[SourceTitle "CBM 212 Extra"]
[Source "ChessBase"]
[SourceDate "2023.03.31"]
[SourceVersion "1"]
[SourceVersionDate "2023.03.31"]
[SourceQuality "1"]
[WhiteTeam "Team A"]
[BlackTeam "Team C"]
[WhiteTeamCountry "TUR"]
[BlackTeamCountry "TUR"]

1. e4 e6 2. d4 d5 3. Nd2 Be7 4. Bd3 c5 5. dxc5 Nf6 6. Qe2 0-0 7. Ngf3 a5 8. h4 Nc6 9. e5 Nd7 10. Bxh7+ Kh8 11. Bd3 g6 12. Nb3 Kg7 13. Bf4 Rh8 14. h5 g5 15. Bd2 f5 16. exf6+ Bxf6 17. h6+ Kf8 18. Qe3 g4 19. Ng5 Nde5 20. Nh7+ Rxh7 21. Bxh7 a4 22. Bd3 Kg8 23. Nc1 a3 24. Rb1 axb2 25. Ne2 Kh8 26. Nf4 Ra3 27. c3 Ra4 28. Bc2 Rxa2 29. 0-0 Ne7 30. Nh5 Nc4 31. Qd3 Nf5 32. Bb3 Nxd2 33. Bxa2 Ne4 34. Nxf6 Qxf6 35. Rxb2 Nxc3 36. c6 b5 37. Rxb5 Qe5 38. Rb2 Nd4 39. Qxc3 Nf3+ 40. gxf3 Qxc3 41. Rb8 Qxc6 42. fxg4 Qc7 43. Rb3 Qc2 44. Ra3 Qe2 45. Bb1 Ba6 46. Rc1 Qd2 47. Rac3 Bc4 48. h7 e5 49. Kg2 e4 50. Rxc4 dxc4 51. Rxc4 Qd5 52. Rxe4 Qb7 53. Bc2 Qc6 54. Bd3 Qd5 55. Bc2 Qc6 56. Bd3 Qd5 57. Bb1 Qb7 58. Bc2 Qc6 59. Bb1 1/2-1/2

[Event "Balikesir Krizantem Gp"]
[Site "Balikesir"]
[Date "2022.12.19"]
[Round "7.4"]
[White "Maksimovic, Branimir"]
[Black "Ozsakallioglu, Okan"]
[Result "1-0"]
[WhiteElo "2210"]
[BlackElo "2258"]
[PlyCount "105"]
[EventDate "2022.12.15"]
[EventType "team-schev"]
[EventRounds "9"]
[EventCountry "TUR"]
[SourceTitle "CBM 212 Extra"]
[Source "ChessBase"]
[SourceDate "2023.03.31"]
[SourceVersion "1"]
[SourceVersionDate "2023.03.31"]
[SourceQuality "1"]
[WhiteTeam "Team C"]
[BlackTeam "Team D"]
[WhiteTeamCountry "TUR"]
[BlackTeamCountry "TUN"]

1. c4 c6 2. Nf3 d5 3. e3 Nf6 4. d4 Bf5 5. Nc3 e6 6. Nh4 Be4 7. f3 Bg6 8. Qb3 Qc7 9. Bd2 Nbd7 10. 0-0-0 dxc4 11. Bxc4 a5 12. a4 Be7 13. Nxg6 hxg6 14. Kb1 Bb4 15. e4 Nb6 16. d5 cxd5 17. Bb5+ Kf8 18. exd5 Bxc3 19. d6 Qxd6 20. Bxc3 Nfd5 21. Bd4 Kg8 22. h4 Qf4 23. g4 Rc8 24. Qd3 Nb4 25. Qe2 Rc2 26. Qe4 N6d5 27. Qxf4 Nxf4 28. Bb6 Rc8 29. Bxa5 Nc6 30. Bxc6 bxc6 31. Rd7 Ra8 32. Bd2 Nd5 33. a5 f6 34. Rd6 Ra6 35. Rxe6 Kf7 36. Re4 Rb8 37. Ka2 c5 38. Rc1 Nb4+ 39. Bxb4 cxb4 40. Rc7+ Kf8 41. Kb3 Rxa5 42. Rxb4 Rab5 43. Rxb5 Rxb5+ 44. Kc3 Re5 45. Rd7 Re1 46. b4 Rb1 47. Kc4 Rc1+ 48. Kd5 Rd1+ 49. Kc6 Rc1+ 50. Kb6 Rc3 51. b5 Rxf3 52. Kc5 Rc3+ 53. Kb4 1-0

[Event "Balikesir Papatya Gp"]
[Site "Balikesir"]
[Date "2022.12.12"]
[Round "7.6"]
[White "Ozdemir, Serhan Berat"]
[Black "Maksimovic, Branimir"]
[Result "1-0"]
[WhiteElo "2142"]
[BlackElo "2210"]
[PlyCount "67"]
[EventDate "2022.12.08"]
[EventType "team-schev"]
[EventRounds "9"]
[EventCountry "TUR"]
[SourceTitle "CBM 212 Extra"]
[Source "ChessBase"]
[SourceDate "2023.03.31"]
[SourceVersion "1"]
[SourceVersionDate "2023.03.31"]
[SourceQuality "1"]
[WhiteTeam "Team C"]
[BlackTeam "Team D"]
[WhiteTeamCountry "TUR"]
[BlackTeamCountry "TUR"]

1. d4 Nf6 2. Nf3 g6 3. c4 Bg7 4. Nc3 0-0 5. e4 d6 6. Be2 Nbd7 7. 0-0 e5 8. d5 Nc5 9. Qc2 a5 10. Ne1 Nfd7 11. Be3 f5 12. exf5 gxf5 13. f4 exf4 14. Bxf4 Nf6 15. Nf3 Nfe4 16. Rad1 Bd7 17. Nd4 Qe7 18. Bf3 Kh8 19. Rfe1 Rae8 20. Ncb5 Bxb5 21. Nxb5 Rg8 22. Re2 Qh4 23. Qc1 Be5 24. Bxe5+ Rxe5 25. Bxe4 fxe4 26. Rf1 Nd3 27. Qe3 Qe7 28. Nd4 Rf8 29. Rxf8+ Qxf8 30. Ne6 Qf6 31. Qa7 Rxe6 32. dxe6 Kg7 33. Rxe4 Nc5 34. Qxc5 1-0

[Event "Balikesir Papatya Gp"]
[Site "Balikesir"]
[Date "2022.12.08"]
[Round "1.6"]
[White "Eren, Ataberk"]
[Black "Maksimovic, Branimir"]
[Result "1-0"]
[WhiteElo "2295"]
[BlackElo "2210"]
[PlyCount "63"]
[EventDate "2022.12.08"]
[EventType "team-schev"]
[EventRounds "9"]
[EventCountry "TUR"]
[SourceTitle "CBM 212 Extra"]
[Source "ChessBase"]
[SourceDate "2023.03.31"]
[SourceVersion "1"]
[SourceVersionDate "2023.03.31"]
[SourceQuality "1"]
[WhiteTeam "Team C"]
[BlackTeam "Team D"]
[WhiteTeamCountry "TUR"]
[BlackTeamCountry "TUR"]

1. e4 e5 2. Nf3 Nc6 3. Bb5 a6 4. Ba4 Nf6 5. d3 b5 6. Bb3 Bc5 7. c3 0-0 8. 0-0 d6 9. Nbd2 Bb6 10. h3 Ne7 11. Re1 Ng6 12. Nf1 Nh5 13. Bg5 Qe8 14. d4 Nhf4 15. Ne3 h6 16. Bxf4 Nxf4 17. dxe5 dxe5 18. Nd5 Nxd5 19. Qxd5 Rb8 20. Qxe5 Bb7 21. Qf5 Rd8 22. e5 Bc8 23. Qe4 Qe7 24. Nd4 Qc5 25. Rad1 Rde8 26. Rd3 Kh8 27. Rg3 Qe7 28. Bc2 g6 29. Qe3 Qh4 30. Qd2 Rd8 31. Re4 Qh5 32. Bd1 1-0

[Event "Kavala op 31st"]
[Site "Kavala"]
[Date "2022.07.27"]
[Round "2"]
[White "Kanakaris, Georgios"]
[Black "Maksimovic, Branimir"]
[Result "1-0"]
[WhiteElo "2389"]
[BlackElo "2203"]
[PlyCount "121"]
[EventDate "2022.07.26"]
[EventType "swiss"]
[EventRounds "9"]
[EventCountry "GRE"]
[SourceTitle "CBM 209 Extra"]
[Source "ChessBase"]
[SourceDate "2022.09.30"]
[SourceVersion "1"]
[SourceVersionDate "2022.09.30"]
[SourceQuality "1"]

1. Nf3 Nf6 2. d4 g6 3. g3 Bg7 4. Bg2 c5 5. 0-0 cxd4 6. Nxd4 h5 7. h4 Nc6 8. c4 Ng4 9. Nf3 d6 10. Nc3 Bxc3 11. bxc3 Bd7 12. c5 dxc5 13. Qd5 Be6 14. Qxc5 Qa5 15. Qxa5 Nxa5 16. Nd4 Bc4 17. Ba3 Rc8 18. Bb4 Nc6 19. Nxc6 bxc6 20. Bc5 Rc7 21. Rfb1 0-0 22. Rb2 Rd8 23. f3 Nh6 24. Bh3 Rd5 25. Bf2 Rb5 26. Rxb5 cxb5 27. e4 f6 28. a4 a6 29. axb5 axb5 30. Ra7 Rxa7 31. Bxa7 Nf7 32. Bc5 Kf8 33. Kf2 Ke8 34. Ke3 e6 35. f4 f5 36. exf5 exf5 37. Kd4 Kd7 38. Bg2 Ke6 39. Bf8 Nd8 40. Kc5 Kd7 41. Kb6 Bd3 42. Bg7 Nf7 43. Bc6+ Ke7 44. Kc7 Bc4 45. Bd7 Bd3 46. Bd4 Be2 47. Bc5+ Kf6 48. Bf8 Bd3 49. Kb6 Nd8 50. Bxb5 Bxb5 51. Kxb5 Ke6 52. c4 Kd7 53. Bg7 Nc6 54. Kc5 Nd8 55. Kd5 Ne6 56. Bc3 Nd8 57. Ke5 Nf7+ 58. Kf6 Nd6 59. Kxg6 Ke6 60. Kxh5 Nxc4 61. Kg6 1-0

[Event "Veliko Gradiste Silver Lake op-A"]
[Site "Veliko Gradiste"]
[Date "2022.06.23"]
[Round "6"]
[White "Hng, Mei En Emmanuelle"]
[Black "Maksimovic, Branimir"]
[Result "1-0"]
[WhiteElo "2000"]
[BlackElo "2229"]
[PlyCount "51"]
[EventDate "2022.06.19"]
[EventType "swiss"]
[EventRounds "9"]
[EventCountry "SRB"]
[SourceTitle "CBM 209 Extra"]
[Source "ChessBase"]
[SourceDate "2022.09.30"]
[SourceVersion "1"]
[SourceVersionDate "2022.09.30"]
[SourceQuality "1"]

1. e4 e6 2. d4 d5 3. Nc3 Bb4 4. e5 c5 5. Bd2 Ne7 6. Nb5 Bxd2+ 7. Qxd2 0-0 8. f4 Bd7 9. Nd6 cxd4 10. Nf3 Nbc6 11. Bd3 Nf5 12. Bxf5 exf5 13. Nxd4 Nxd4 14. Qxd4 Qa5+ 15. c3 Qa6 16. b4 Bb5 17. a4 Bc4 18. b5 Qb6 19. a5 Qc7 20. Kf2 b6 21. Ra4 bxa5 22. Rha1 Rfb8 23. Rxa5 Rb6 24. Nxc4 dxc4 25. Rxa7 Rxa7 26. Rxa7 1-0

[Event "Veliko Gradiste Silver Lake op-A"]
[Site "Veliko Gradiste"]
[Date "2022.06.20"]
[Round "2"]
[White "Maksimovic, Branimir"]
[Black "Hng, Mei Xian Eunice"]
[Result "1-0"]
[WhiteElo "2229"]
[BlackElo "1800"]
[PlyCount "119"]
[EventDate "2022.06.19"]
[EventType "swiss"]
[EventRounds "9"]
[EventCountry "SRB"]
[SourceTitle "CBM 209 Extra"]
[Source "ChessBase"]
[SourceDate "2022.09.30"]
[SourceVersion "1"]
[SourceVersionDate "2022.09.30"]
[SourceQuality "1"]

1. Nf3 Nf6 2. g3 c5 3. Bg2 Nc6 4. 0-0 d5 5. d4 e6 6. c4 Be7 7. cxd5 exd5 8. dxc5 Bxc5 9. a3 0-0 10. b4 Be7 11. Bb2 h6 12. Nbd2 Be6 13. Nb3 Nd7 14. Rc1 a6 15. Nfd4 Nxd4 16. Bxd4 Bf6 17. Na5 Bxd4 18. Qxd4 Rb8 19. Rfd1 Nf6 20. Rd2 Qe7 21. Rdc2 Rfc8 22. Qe5 Qd7 23. Bf3 Bh3 24. Bg2 Be6 25. Qf4 Rxc2 26. Qxb8+ Qc8 27. Qxc8+ Rxc8 28. Rxc8+ Bxc8 29. f4 Kf8 30. Bf3 Ke7 31. Kf2 Kd6 32. Ke3 b6 33. Nb3 Bg4 34. Nd4 g6 35. Kd3 h5 36. Bg2 Ne8 37. e4 dxe4+ 38. Bxe4 Nc7 39. Nf3 Bh3 40. Ne5 Ke6 41. a4 g5 42. Kd4 gxf4 43. gxf4 f6 44. Nd3 Kd6 45. f5 Bg4 46. h4 Bd1 47. Nb2 Bb3 48. Bf3 b5 49. a5 Bc2 50. Bxh5 Bxf5 51. Bf3 Ne6+ 52. Ke3 Ke5 53. Bb7 Nc7 54. Nd3+ Bxd3 55. Kxd3 Kf4 56. Kd4 Kg4 57. Kc5 Kxh4 58. Kb6 Ne6 59. Bxa6 Nf4 60. Bb7 1-0